| 000 | 00576nam a2200253Ia 4500 | ||
|---|---|---|---|
| 003 | 0100 | ||
| 008 | 130303s9999 xx 000 0 und d | ||
| 020 | _a0534085261 | ||
| 040 | _cARRUPELIB | ||
| 050 | _aBD21.V4 1988 | ||
| 100 | _aVelasquez, Manuel | ||
| 245 | _aPhilosophy | ||
| 245 | _ba text with readings | ||
| 250 | _a3rd ed. | ||
| 260 | _aCalifornia | ||
| 260 | _bWadsworth Publishing Company | ||
| 260 | _C1988 | ||
| 300 | _a454p. | ||
| 300 | _b 24cm. | ||
| 650 | _aPHILOSOPHY | ||
| 650 | _bJurisprudence | ||
| 700 | _aBarry, Vincent | ||
| 942 | 0 | 0 | _02 |
| 999 |
_c21916 _d21916 |
||